Normal view
MARC view
- Air
Entry Topical Term
001 - CONTROL NUMBER
- control field: 6489
003 - CONTROL NUMBER IDENTIFIER
- control field: NUST
005 - DATE AND TIME OF LATEST TRANSACTION
- control field: 20171117104454.0
008 - FIXED-LENGTH DATA ELEMENTS
- fixed length control field: 171117|| aca||aabn | a|a d
040 ## - CATALOGING SOURCE
- Original cataloging agency: NUST
- Transcribing agency: NUST
150 ## - HEADING--TOPICAL TERM
- Topical term or geographic name entry element: Air
- General subdivision: Purification
- General subdivision: Equipment and supplies.
670 ## - SOURCE DATA FOUND
- Source citation: Work cat.: (NUST)0: Cooper, C. David. 6488, Air pollution control :, c2002.
